This Is How Tomorrow Moves - Album (beabadoobee) - Statistics

General Stats
  • This quiz has been taken 26 times
  • The average score is 11 of 14
Answer Stats
# Title % Correct
10. Post
100%
11. Beaches
93%
8. Ever Seen
93%
2. California
86%
7. Coming Home
86%
6. Girl Song
86%
1. Take A Bite
79%
13. The Man Who Left Too Soon
79%
3. One Time
71%
4. Real Man
71%
14. This Is How It Went
71%
5. Tie My Shoes
57%
9. A Cruel Affair
50%
12. Everything I Want
43%
No matching quizzes found
Score Distribution
Percent of People with Each Score
Percentile by Number Answered
Your Score History
You have not taken this quiz